000
00297nam a22001337a 4500
008
180302b xxu||||| |||| 00| 0 eng d
020
_a
0912912006
041
_a
eng
080
_a
616.072
100
_a
6
101
_a
RAD
245
_a
Rapid Interpretation of EKG's
_c
Dubin, D
942
_2
udc
_c
BK
999
_c
44080
_d
44080